مكتبة جامعة عجلون الوطنية

فهرس بحث المكتبة

How to Understand Business Finance (Record no. 730)

MARC details
000 -LEADER
fixed length control field 00704nam a2200229Ii 4500
003 - CONTROL NUMBER IDENTIFIER
control field JO-AjNU
008 - FIXED-LENGTH DATA ELEMENTS--GENERAL INFORMATION
fixed length control field 230606s9999||||xx |||||||||||||| ||und||
020 ## - INTERNATIONAL STANDARD BOOK NUMBER
International Standard Book Number 81-7554-305-1 / 978-81-7554-305-8
040 ## - CATALOGING SOURCE
Original cataloging agency JO-AjNU
Language of cataloging eng
Description conventions rda
Transcribing agency JO-AjNU
041 ## - LANGUAGE CODE
Language code of text/sound track or separate title eng
050 14 - LIBRARY OF CONGRESS CALL NUMBER
Classification number HG4026.C526 2006
100 3# - MAIN ENTRY--PERSONAL NAME
Personal name Cinnamon,Robert / Helweg-Larsen, Brian,
Relator term author
9 (RLIN) 1383
245 00 - TITLE STATEMENT
Title How to Understand Business Finance
250 ## - EDITION STATEMENT
Edition statement 1 ed
264 31 - PRODUCTION, PUBLICATION, DISTRIBUTION, MANUFACTURE, AND COPYRIGHT NOTICE
Place of production, publication, distribution, manufacture Daryaganj: Kogan Page ,2006
300 ## - PHYSICAL DESCRIPTION
Extent 142p
Other physical details Includes glossary (p119-142)
336 ## - CONTENT TYPE
Content type term text
Content type code txt
Source rdacontent
337 ## - MEDIA TYPE
Media type term unmediated
Media type code n
Source rdamedia
338 ## - CARRIER TYPE
Carrier type term volume
Carrier type code nc
Source rdacarrier
490 0# - SERIES STATEMENT
Series statement the Sunday Times
650 #4 - SUBJECT ADDED ENTRY--TOPICAL TERM
Topical term or geographic name entry element Business Finance
9 (RLIN) 1384
Holdings
Withdrawn status Lost status Source of classification or shelving scheme Damaged status Not for loan Home library Current library Shelving location Date acquired Total Checkouts Full call number Barcode Date last seen Price effective from Koha item type
    Library of Congress Classification     مكتبة جامعة عجلون الوطنية مكتبة جامعة عجلون الوطنية المجموعات العامة 06/06/2023   HG4026.C526 2006 E730 06/06/2023 06/06/2023 Books